[Event "Dhaka Al Mahmud Memorial"]
[Site "Dhaka"]
[Date "2022.02.07"]
[Round "3"]
[White "Yasir Ali, Khan Evan"]
[Black "Bappi, Ab"]
[Result "1-0"]
[WhiteElo "1950"]
[BlackElo "1739"]
[PlyCount "66"]
[EventDate "2022.02.05"]
[EventType "swiss"]
[EventRounds "9"]
[EventCountry "BAN"]
[SourceTitle "EXT 2023"]
[Source "ChessBase"]
[SourceDate "2022.10.05"]
[SourceVersion "1"]
[SourceVersionDate "2022.10.05"]
[SourceQuality "1"]

1. e4 d6 2. d4 g6 3. Bc4 Bg7 4. f4 e6 5. Nc3 a6 6. Nf3 Ne7 7. 0-0 b5 8. Bd3 c5 9. d5 b4 10. Nb1 exd5 11. exd5 0-0 12. c4 a5 13. Nbd2 Nf5 14. Ne4 a4 15. Rb1 Nd7 16. g4 Nh6 17. h3 Nb6 18. Ng3 f5 19. g5 Nf7 20. h4 h5 21. gxh6 Nxh6 22. h5 Qf6 23. Rf2 Ra7 24. Rg2 Re7 25. hxg6 Ng4 26. Bd2 Qxg6 27. Nh4 Qf6 28. Ngxf5 Bxf5 29. Nxf5 Nh6 30. Nxe7+ Qxe7 31. Qh5 Qf6 32. Kh1 Nf5 33. Rbg1 Rf7 1-0

[Event "Dhaka Bangabandhu op-B"]
[Site "Dhaka"]
[Date "2021.03.13"]
[Round "5"]
[White "Mortuza Mahathir, Islam"]
[Black "Yasir Ali, Khan Evan"]
[Result "0-1"]
[WhiteElo "1776"]
[BlackElo "1919"]
[PlyCount "50"]
[EventDate "2021.03.09"]
[EventType "swiss"]
[EventRounds "9"]
[EventCountry "BAN"]
[SourceTitle "CBM 201 Extra"]
[Source "ChessBase"]
[SourceDate "2021.05.31"]
[SourceVersion "1"]
[SourceVersionDate "2021.05.31"]
[SourceQuality "1"]

1. e4 c6 2. d4 d5 3. Nc3 g6 4. Nf3 Bg7 5. e5 Bg4 6. h3 Bxf3 7. Qxf3 e6 8. Bd3 Nd7 9. 0-0 Ne7 10. Ne2 0-0 11. Bg5 c5 12. c3 Rc8 13. Qg4 h6 14. Bh4 Qe8 15. Ng3 Nf5 16. Nxf5 exf5 17. Qf3 Qe6 18. Rfe1 Nb6 19. dxc5 Rxc5 20. Rad1 Rfc8 21. Bg3 a5 22. Bf4 Nc4 23. Bxc4 Rxc4 24. Be3 Re4 25. Qe2 f4 0-1

[Event "Dhaka Bangabandhu op-B"]
[Site "Dhaka"]
[Date "2021.03.12"]
[Round "4"]
[White "Yasir Ali, Khan Evan"]
[Black "Islam, MM Zahirul"]
[Result "1-0"]
[WhiteElo "1919"]
[BlackElo "1770"]
[PlyCount "43"]
[EventDate "2021.03.09"]
[EventType "swiss"]
[EventRounds "9"]
[EventCountry "BAN"]
[SourceTitle "CBM 201 Extra"]
[Source "ChessBase"]
[SourceDate "2021.05.31"]
[SourceVersion "1"]
[SourceVersionDate "2021.05.31"]
[SourceQuality "1"]

1. e4 e6 2. d4 d5 3. Nc3 dxe4 4. Nxe4 Nd7 5. Nf3 Ngf6 6. Ng3 Be7 7. Bd3 b6 8. 0-0 Bb7 9. c3 0-0 10. Ng5 h6 11. N5e4 Nxe4 12. Nxe4 Nf6 13. Nxf6+ Bxf6 14. Re1 Rc8 15. Qg4 Kh8 16. Re3 e5 17. Rh3 Re8 18. Bxh6 Kg8 19. Rg3 Kf8 20. Bxg7+ Bxg7 21. Qxg7+ Ke7 22. Qg5+ 1-0

[Event "BAN-chT2 Borsho 2nd"]
[Site "Bangladesh"]
[Date "2021.01.21"]
[Round "2.2"]
[White "Nusrat Jahan, Alo"]
[Black "Yasir Ali, Khan Evan"]
[Result "0-1"]
[WhiteElo "1730"]
[BlackElo "1939"]
[PlyCount "96"]
[EventDate "2021.01.20"]
[EventType "team-tourn"]
[EventRounds "9"]
[EventCountry "BAN"]
[SourceTitle "CBM 200 Extra"]
[Source "ChessBase"]
[SourceDate "2021.03.31"]
[SourceVersion "1"]
[SourceVersionDate "2021.03.31"]
[SourceQuality "1"]
[WhiteTeam "Yusupov Training Group"]
[BlackTeam "Legend Faraz Ayaiz"]
[WhiteTeamCountry "BAN"]
[BlackTeamCountry "BAN"]

1. e4 g6 2. d4 Bg7 3. Nf3 d6 4. h3 Nf6 5. Nc3 c5 6. dxc5 Qa5 7. Bd3 Qxc5 8. 0-0 Nc6 9. Re1 0-0 10. Be3 Qa5 11. Qd2 Bd7 12. Bh6 Rac8 13. Bxg7 Kxg7 14. a3 Ne5 15. Nd4 Qb6 16. Nb3 a5 17. Rab1 a4 18. Nc1 Rc7 19. N1e2 Rfc8 20. b4 Nc4 21. Bxc4 Rxc4 22. Qd3 Qc7 23. Nd5 Nxd5 24. exd5 Bf5 25. Qd2 Rxc2 26. Qd4+ Kg8 27. Ra1 Rc4 28. Qd2 Qb6 29. Rac1 Rc2 30. Qg5 f6 31. Qf4 R8c4 32. Qxc4 Rxc4 33. Rxc4 Qb5 34. Rec1 Qxd5 35. R4c3 Kf7 36. Ng3 Bd7 37. Nf1 Bc6 38. Ne3 Qg5 39. Kf1 Qh4 40. Kg1 d5 41. b5 Bxb5 42. Nxd5 Qe4 43. Ne3 f5 44. f3 Qd4 45. Kh1 h5 46. Nc4 g5 47. Na5 Ba6 48. Rc7 Qd2 0-1

[Event "Dhaka Walton op 07"]
[Site "Dhaka"]
[Date "2018.07.12"]
[Round "9"]
[White "Hasan, Sk Rashedul"]
[Black "Yasir Ali, Khan Evan"]
[Result "0-1"]
[WhiteElo "1935"]
[BlackElo "1770"]
[PlyCount "74"]
[EventDate "2018.07.04"]
[EventType "swiss"]
[EventRounds "9"]
[EventCountry "BAN"]
[SourceTitle "EXT 2019"]
[Source "ChessBase"]
[SourceDate "2018.10.10"]
[SourceVersion "1"]
[SourceVersionDate "2018.10.10"]
[SourceQuality "1"]

1. e4 c6 2. d4 d5 3. exd5 cxd5 4. Bd3 Nf6 5. c3 e6 6. Bf4 Bd6 7. Bg3 Nc6 8. Nf3 Qc7 9. Nbd2 Nh5 10. Bxd6 Qxd6 11. g3 0-0 12. Qe2 f5 13. Ne5 g6 14. 0-0-0 Nxe5 15. dxe5 Qc7 16. Kb1 Bd7 17. Nf3 Rfb8 18. Bc2 b5 19. Rd4 a5 20. g4 fxg4 21. Rxg4 Be8 22. Qd2 Kh8 23. Rhg1 Qg7 24. Rh4 Qf8 25. Nd4 Qe7 26. Qh6 b4 27. Rxh5 bxc3 28. b3 gxh5 29. Bxh7 Qxh7+ 30. Qxh7+ Kxh7 31. Nxe6 Bg6+ 32. Kc1 Re8 33. Nf4 Rf8 34. Nxg6 Rg8 35. Rd1 Rxg6 36. Rxd5 Rg2 37. Kc2 Rc8 0-1

[Event "BAN-ch U20"]
[Site "Dhaka"]
[Date "2018.05.11"]
[Round "7"]
[White "Mortuza Mahathir, Islam"]
[Black "Yasir Ali, Khan Evan"]
[Result "0-1"]
[WhiteElo "1608"]
[BlackElo "1892"]
[PlyCount "56"]
[EventDate "2018.05.05"]
[EventType "swiss"]
[EventRounds "8"]
[EventCountry "BAN"]
[SourceTitle "CBM 184 Extra"]
[Source "ChessBase"]
[SourceDate "2018.06.28"]
[SourceVersion "1"]
[SourceVersionDate "2018.06.28"]
[SourceQuality "1"]

1. e4 d6 2. d4 Nf6 3. f3 g6 4. Be3 Bg7 5. c4 0-0 6. Nc3 Nbd7 7. Qd2 c5 8. d5 Qa5 9. a3 a6 10. g4 h5 11. h3 Rb8 12. f4 hxg4 13. Bd3 b5 14. Nge2 bxc4 15. Bxc4 gxh3 16. Nc1 Rxb2 17. Qxb2 Nxe4 18. Bd2 Nxd2 19. Kxd2 Nb6 20. Qb3 Bxc3+ 21. Qxc3 Nxc4+ 22. Kc2 Bf5+ 23. Nd3 Ne3+ 24. Kd2 Qxc3+ 25. Kxc3 Nxd5+ 26. Kc4 Be6 27. Rab1 Nxf4+ 28. Kc3 Nxd3 0-1

[Event "BAN-ch U20"]
[Site "Dhaka"]
[Date "2018.05.08"]
[Round "4"]
[White "Swarnavo, Choudhury"]
[Black "Yasir Ali, Khan Evan"]
[Result "0-1"]
[WhiteElo "1716"]
[BlackElo "1892"]
[PlyCount "96"]
[EventDate "2018.05.05"]
[EventType "swiss"]
[EventRounds "8"]
[EventCountry "BAN"]
[SourceTitle "CBM 184 Extra"]
[Source "ChessBase"]
[SourceDate "2018.06.28"]
[SourceVersion "1"]
[SourceVersionDate "2018.06.28"]
[SourceQuality "1"]

1. d4 g6 2. Nf3 Bg7 3. g3 Nf6 4. Bg2 d6 5. 0-0 0-0 6. c3 c6 7. Bg5 h6 8. Bxf6 Bxf6 9. Nbd2 Qc7 10. e4 e5 11. Qc2 Be6 12. Rfd1 Na6 13. a3 Rfd8 14. Nf1 Qb6 15. b4 Rac8 16. Ne3 h5 17. h4 Kg7 18. dxe5 dxe5 19. c4 Rxd1+ 20. Rxd1 Rd8 21. Rxd8 Qxd8 22. Qc3 Qd6 23. c5 Qc7 24. Nc4 Bxc4 25. Qxc4 Qe7 26. Bh3 Nc7 27. Bc8 Nb5 28. a4 Nd4 29. Nxd4 exd4 30. Qd3 Qc7 31. Bh3 b6 32. f4 bxc5 33. bxc5 Qa5 34. e5 Be7 35. e6 Qxc5 36. exf7 Kxf7 37. f5 gxf5 38. Bxf5 Qe5 39. Bg6+ Kg7 40. Be8 Qf6 41. Bxh5 c5 42. Qe2 Bd6 43. Qg4+ Kh6 44. Be8 c4 45. Qh5+ Kg7 46. g4 Bg3 47. Qg5+ Qxg5 48. hxg5 c3 0-1